There Oughta Be a Book Quiz Stats

 Plays Quiz Updated Jan 9, 2018

Challenge
Share
Tweet
Embed
Score 0/12 Timer 04:00
3 Plays Today
% Correct
Charlotte's Jeb
95.7%
Sarah Palin, Tall
94.6%
Green Eggs and Graham
93.9%
Carly and the Chocolate Factory
93.8%
Bernie Sanders and the Terrible, Horrible, No Good, Very Bad Day
91.6%
Of Rice and Men
89.7%
Coultergeist
89.1%
Al Frankenstein
78.3%
The Kaine Mutiny
77.9%
The Little Reince
75.1%
Hannity Fair
74.7%
Of Huma's Bondage
71.8%

You're not logged in!

Compare scores with friends on all Sporcle quizzes.
Join for Free
OR
Log In

You Might Also Like...

Show Comments

Extras

Top Quizzes Today


Score Distribution

Your Account Isn't Verified!

In order to create a playlist on Sporcle, you need to verify the email address you used during registration. Go to your Sporcle Settings to finish the process.

Report this User

Report this user for behavior that violates our Community Guidelines.

Details: